| 000 | 00664nam a2200205 i 4500 | ||
|---|---|---|---|
| 001 | 122723 | ||
| 003 | ES-MaACL | ||
| 005 | 20250808084934.0 | ||
| 007 | t| | ||
| 008 | 070214s1972 sp r ||||1| spa d | ||
| 100 | 1 |
_aPuig Peña, Federico. _994273 |
|
| 245 | 1 | 0 |
_aCompendio de Derecho Civil español / _cFederico Puig Peña. |
| 250 | _a2ª. ed. rev. y puesta al día. | ||
| 260 |
_aPamplona : _bAranzadi, _c1972. |
||
| 300 |
_a3 v. ; _c24 cm. |
||
| 505 | 8 | _aContiene: Vol. II. Derechos reales. Vol. IV. Contratos. Vol. VI. Sucesiones | |
| 650 | 0 | 4 |
_aDerecho civil- _zEspaña _911659 |
| 852 |
_aES-MaACL _jJ-89 _bR.81534 |
||
| 999 |
_c122723 _d122723 |
||